000 00877nam a2200229 i 4500
001 173164
003 ES-MaACL
005 20250808062827.0
008 091113s1996 sp a |||| | spa d
020 _a84-7914-174-3
080 _a271.73(091)
100 1 _aMartínez Carretero, Ismael.
_977931
245 1 4 _aLos Carmelitas
_b: historia de la Orden del Carmen.
_nVI,
_pFiguras del Carmelo /
_cIsmael Martínez Carretero.
260 _aMadrid :
_bBiblioteca de Autores Cristianos,
_c1996.
300 _aLI, 548 p. :
_bil. ;
_c20 cm.
490 1 _aBiblioteca de Autores Cristianos ;
_v568
536 _aObra patrocinada por la Conferencia de Superiores y Superioras Mayores Carmelitas de la Región Ibérica
610 2 _aCarmelitas-
_vHistoria.
_92444
830 0 0 _aBiblioteca de autores cristianos
_v568
_9178679
852 _aES-MaACL
_jJ-555
999 _c173164
_d173164